000 00333nam a22001337a 4500
020 _a978-93-84559-51-9
041 _aENG
100 _aBirdie G.S
245 _aTextbook Of Estimating And Costing ( Civil Engineering
260 _aDelhi
_bDhanpat Rai Publishing Company
_c2015
300 _a1026
650 _aFS
856 _uFS ( 8 )
999 _c876
_d876